000 00920nam1a2200301 4500
001 RU\NLR\ONL2\10188
005 20250807185151.0
035 _a(NLR Aleph) 009657777
090 _a81436
_c81436
100 _a20250807 rusy50
101 0 _aaze
102 _aAZ
105 _aa |||||||||
200 1 _aАзәрбаjҹанын шанлы оғуллары
210 _aБакы
_cАзәрнәшр
_d1942-1945
215 _d20
541 1 _aДоблестные сыны Азербайджана
_zrus
607 _aАзербайджан
_xИстория
_2nlr-sh2
_2nlr-sh1
_3RU\NLR\auth\661416508
689 1 _aТ3(2А)1/7
801 0 _aRU
_bNLR
_c20080705
_gPSBO
852 _aNLR
_jАзерб./
852 _aNLR
_bОНЛ
942 _cBOOK
945 _aРоссийская национальная библиотека
980 _aBV
980 _aONL_RF